Uomo e donna in famiglia. Quinto rapporto CISF sulla famiglia in Italia. (Record n. 213305)

Dettagli MARC
000 -LEADER
campo di controllo lung. fissa 01990nam a2200241Ia 4500
001 - Numero di controllo
campo di controllo b4005-24828 [3748]
003 - Identificatore del numero di controllo
campo di controllo IT-MiCISF
005 - Data e orario dell'ultima transazione
campo di controllo 20251204111836.0
008 - Elementi di lunghezza fissa--Informazione generale
campo di controllo lung. fissa 161014s9999||||xx |||||||||||||| ||und||
040 ## - Fonte della catalogazione
Agenzia catalografica originale IT-MiCISF
Agenzia che fa la trascrizione IT-MiCISF
041 ## - Codice di lingua
Codice di lingua del testo/traccia sonora o titolo separato it
100 ## - Accesso principale -- nome di persona
Nome di persona Donati Pierpaolo (a cura di)
9 (RLIN) 59326
245 #0 - Formulazione del titolo
Titolo Uomo e donna in famiglia. Quinto rapporto CISF sulla famiglia in Italia.
Complemento del titolo Differenze, ruoli, responsabilità
260 ## - Pubblicazione, distribuzione, ecc. (stampa)
Luogo di pubblicazione, distribuzione, ecc. Cinisello B. (MI),
Nome dell'editore, distributore, ecc. San Paolo,
Data di pubblicazione, distribuzione, ecc. 1997
300 ## - Descrizione fisica
Estensione pp. 446
500 ## - Nota generale
Nota generale / famiglia, differenza-sessuale, ciclo-familiare, valori, rapporti-familiari, infanzia, ruoli-familiari, separazione, divorzio, consumi, tempo-libero, giovani /
520 ## - Riassunto, ecc.
Nota di riassunto, ecc. La maggioranza delle persone pensa che le differenze socio-culturali fra uomini e donne, dette differenze di genere (gender), si stiano progressivamente riducendo. L'opinione più diffusa è che maschi e femmine vadano verso l'omogeneizzazione, l'omologazione, la standardizzazione dei ruoli, dei comportamenti, delle possibilità di vita. Questa rappresentazione contrasta pesantemente con la realtà, in particolare con quanto accade nella famiglia: l'esperienza di donne e uomini è quella del persistere di differenze fra i sessi, che sono, al tempo stesso, vincoli e risorse. A tali differenze va dato un senso, al di là delle ideologie ugualitarie che le hanno in qualche modo negate o rimosse. Il presente Rapporto esplora le identità di genere (maschili e femminili), lungo il corso della vita individuale e familiare, nell'Italia di oggi. E mostra come la famiglia sia ancora il luogo sociale in cui somiglianze e dissomiglianze nell'identità di genere trovano i loro significati e vissuti più profondi.
650 ## - Accesso aggiunto di soggetto--termine topico
Termine topico o nome geografico come accesso Famiglia
654 ## - Accesso aggiunto di soggetto--termini topici faccettati
Termine principale rapporto
700 ## - Accesso aggiunto--nome di persona
Nome di persona Blangiardo G.C., Calvi Parisetti G., Collicelli C., Donati P., Fregni G., Iafrate R., Loriedo C.,
-- Lucchini M., Scabini E., Solfaroli Camillocci D., Vella G.
9 (RLIN) 62851
942 ## - Dati aggiuntivi (Koha)
Tipo copia default (Koha) LIBRO
Fonte della classificazione o dello schema di collocazione (segnatura) Dewey Decimal Classification
999 ## - Sys Number locale (Koha)
Koha Dewey Subclass [OBSOLETE] si
Dati di copia
Ritirato (status) Perso (status) Danneggiato (status) Non per il presito Biblioteca proprietaria Biblioteca in cui si trova Data d'acquisizione Totale prestiti Collocazione Data ultima operazione Prezzo in vigore dal Tipo copia default (Koha) Nota pubblica
    Buone Condizioni Not For Loan CISF - Milano CISF - Milano 14/10/2016   b4005-24828 [3748] 14/10/2016 14/10/2016 LIBRO Data import 15.10.2016 / by Epidotti, Vaglietti
CREDITS: SOCIETA' SAN PAOLO Via A.Severo, 58 - ROMA (RM) & PERIODICI SAN PAOLO SRL Via Giotto, 36 MILANO & CISF Via Giotto, 36 MILANO & EDIZIONI SAN PAOLO SRL,  Piazza Soncino, 5 CINISELLO BALSAMO (MI) -- ITALY